Dr. S. R. Lasker Library Online Catalogue

Home      Library Home      Institutional Repository      E-Resources      MyAthens      EWU Home

Normal view MARC view

Entry Topical Term

Number of records used in: 1

001 - CONTROL NUMBER

  • control field: 24074

003 - CONTROL NUMBER IDENTIFIER

  • control field: BD-DhEWU

005 - DATE AND TIME OF LATEST TRANSACTION

  • control field: 20190219130840.0

008 - FIXED-LENGTH DATA ELEMENTS

  • fixed length control field: 190219|| aca||aabn | a|a d

040 ## - CATALOGING SOURCE

  • Original cataloging agency: BD-DhEWU
  • Transcribing agency: BD-DhEWU

150 ## - HEADING--TOPICAL TERM

  • Topical term or geographic name as entry element: Sustainable development
  • General subdivision: Government policy
  • Geographic subdivision: Bangladesh.

670 ## - SOURCE DATA FOUND

  • Source citation: Work cat.: (BD-DhEWU)0: Community partnership for sustainable water management :, 1998.